Statistics for Europe by First Two Letters of Capitals and Borders in 30 Seconds

Click here to take the quiz!

General Stats

  • This quiz has been taken 1,674 times
    (1,240 since last reset)
  • The average score is 43 of 45

Answers on the Map

Answers color-coded by a green-red scale on the quiz's map according to % correct below.
 

Answer Stats

Country% Correct
France
99%
Italy
99%
Spain
99%
Austria
98%
Belgium
98%
Germany
98%
Netherlands
98%
Poland
98%
Russia
98%
Serbia
98%
Switzerland
98%
United Kingdom
98%
Belarus
97%
Bulgaria
97%
Croatia
97%
Czech Republic
97%
Finland
97%
Hungary
97%
Ireland
97%
Luxembourg
97%
Macedonia
97%
Norway
97%
Ukraine
97%
Bosnia and
Herzegovina
96%
Montenegro
96%
Portugal
96%
Romania
96%
Latvia
95%
Liechtenstein
95%
Lithuania
95%
Andorra
94%
Denmark
94%
Greece
94%
Kosovo
94%
Monaco
94%
Slovakia
94%
Sweden
94%
Albania
93%
Estonia
93%
Slovenia
93%
Vatican City
92%
San Marino
91%
Moldova
90%
Iceland
88%
Malta
77%

Score Distribution

Percentile by Number Answered

Percent of People with Each Score

Your Score History

You have not taken this quiz since the last reset